000
00297nam a2200133Ia 4500
005
20251222144722.0
008
251222s9999||||xx |||||||||||||| ||spa||
020
_a
950-08-1686-5
082
_a
153.94/W95
100
_a
Wujec, Tom
245
0
_a
MentalmanĂa
264
_b
Atlántida
942
_c
LIB
999
_c
18250
_d
18250